| 000 -LEADER |
| fixed length control field |
01811cam a2200253 i 4500 |
| 003 - CONTROL NUMBER IDENTIFIER |
| control field |
OSt |
| 005 - DATE AND TIME OF LATEST TRANSACTION |
| control field |
20200317105846.0 |
| 008 - FIXED-LENGTH DATA ELEMENTS--GENERAL INFORMATION |
| fixed length control field |
121126s2013 dcua b 001 0 eng |
| 020 ## - INTERNATIONAL STANDARD BOOK NUMBER |
| International Standard Book Number |
9781610911948 (paper) |
| 040 ## - CATALOGING SOURCE |
| Original cataloging agency |
DLC |
| Language of cataloging |
eng |
| Transcribing agency |
DLC |
| Description conventions |
rda |
| Modifying agency |
DLC |
| 082 00 - DEWEY DECIMAL CLASSIFICATION NUMBER |
| Classification number |
711.4 |
| Edition number |
23 |
| Item number |
EWI |
| 100 1# - MAIN ENTRY--PERSONAL NAME |
| Personal name |
Ewing, Reid H. |
| 245 10 - TITLE STATEMENT |
| Title |
Measuring urban design : |
| Remainder of title |
metrics for livable places / |
| Statement of responsibility, etc |
Reid Ewing and Otto Clemente with Kathryn M. Neckerman, Marnie Purciel-Hill, James W. Quinn, Andrew Rundle. |
| 300 ## - PHYSICAL DESCRIPTION |
| Extent |
183 pages : |
| Other physical details |
color illustrations ; |
| Dimensions |
27 cm |
| 504 ## - BIBLIOGRAPHY, ETC. NOTE |
| Bibliography, etc |
Includes bibliographical references (pages 167-174) and index. |
| 504 ## - BIBLIOGRAPHY, ETC. NOTE |
| Bibliography, etc |
Includes bibliographical references and index. |
| 520 ## - SUMMARY, ETC. |
| Summary, etc |
"What makes strolling down a particular street enjoyable? The authors of Measuring Urban Design argue it's not an idle question. Inviting streets are the centerpiece of thriving, sustainable communities, but it can be difficult to pinpoint the precise design elements that make an area appealing. This accessible guide removes the mystery, providing clear methods to assess urban design. The book provides operational definitions and measurement protocols of five intangible qualities of urban design, specifically: imageability, visual enclosure, human scale, transparency, and complexity. The result is a reliable field survey instrument grounded in constructs from architecture, urban design, and planning. Readers will also find illustrated, step-by-step instructions to use the instrument and a scoring sheet for easy calculation of urban design quality scores"-- |
| 650 #0 - SUBJECT ADDED ENTRY--TOPICAL TERM |
| Topical term or geographic name as entry element |
City planning |
| General subdivision |
Social aspects. |
| 650 #0 - SUBJECT ADDED ENTRY--TOPICAL TERM |
| Topical term or geographic name as entry element |
Architecture |
| General subdivision |
Human factors. |
| 650 #0 - SUBJECT ADDED ENTRY--TOPICAL TERM |
| Topical term or geographic name as entry element |
City planning |
| General subdivision |
Methodology. |
| 650 #7 - SUBJECT ADDED ENTRY--TOPICAL TERM |
| Topical term or geographic name as entry element |
ARCHITECTURE / Urban & Land Use Planning. |
| Source of heading or term |
bisacsh |
| 700 1# - ADDED ENTRY--PERSONAL NAME |
| Personal name |
Clemente, Otto. |
| 942 ## - ADDED ENTRY ELEMENTS (KOHA) |
| Source of classification or shelving scheme |
|